[Event "EU-chT U12"]
[Site "Bad Blankenburg"]
[Date "2018.07.14"]
[Round "4.4"]
[White "Ermitsch, Magnus"]
[Black "Kabadayi, Suleyman Arda"]
[Result "0-1"]
[WhiteElo "1594"]
[BlackElo "1650"]
[PlyCount "52"]
[EventDate "2018.07.12"]
[EventType "team-tourn"]
[EventRounds "9"]
[EventCountry "GER"]
[SourceTitle "EXT 2019"]
[Source "ChessBase"]
[SourceDate "2018.10.10"]
[SourceVersion "1"]
[SourceVersionDate "2018.10.10"]
[SourceQuality "1"]
[WhiteTeam "Germany U12 III"]
[BlackTeam "Turkey U12"]
[WhiteTeamCountry "GER"]
[BlackTeamCountry "TUR"]

1. e4 c5 2. Nf3 d6 3. d4 cxd4 4. Qxd4 Nc6 5. Bb5 Bd7 6. Bxc6 Bxc6 7. Nc3 Nf6 8. Bg5 e6 9. 0-0-0 Be7 10. Qd3 0-0 11. Nd4 Rc8 12. h4 Qa5 13. f4 Qa6 14. Qh3 Rfe8 15. Bxf6 Bxf6 16. g4 b5 17. Qd3 Bxd4 18. Qxd4 d5 19. h5 dxe4 20. h6 e5 21. fxe5 e3 22. Rh5 Bf3 23. e6 f6 24. Qd7 Qb7 25. Rxb5 Qc7 26. Rb7 Qxb7 0-1

[Event "Sarajevo Bosna op 48th"]
[Site "Sarajevo"]
[Date "2018.05.07"]
[Round "4"]
[White "Kersic, Matej"]
[Black "Kabadayi, Suleyman Arda"]
[Result "1-0"]
[WhiteElo "2109"]
[BlackElo "1514"]
[PlyCount "79"]
[EventDate "2018.05.05"]
[EventType "swiss"]
[EventRounds "9"]
[EventCountry "BIH"]
[SourceTitle "CBM 184 Extra"]
[Source "ChessBase"]
[SourceDate "2018.06.28"]
[SourceVersion "1"]
[SourceVersionDate "2018.06.28"]
[SourceQuality "1"]

1. e4 c5 2. Nf3 d6 3. d4 cxd4 4. Nxd4 Nf6 5. Nc3 a6 6. f3 h5 7. Bc4 e6 8. Bb3 Nbd7 9. Be3 Nc5 10. Qd2 Be7 11. 0-0-0 Qc7 12. Qf2 b5 13. Kb1 Bb7 14. Rc1 Nfd7 15. Qg3 Bf6 16. Rhd1 Ne5 17. Ndxb5 axb5 18. Nxb5 Qa5 19. Nxd6+ Kf8 20. Bxc5 Qxc5 21. Nxb7 Qb6 22. Nd6 h4 23. Qe1 Bg5 24. Qc3 Nc6 25. f4 Bxf4 26. Nxf7 Kxf7 27. Rf1 g5 28. g3 hxg3 29. hxg3 Rh3 30. Qd2 Rd8 31. Qg2 Rxg3 32. Qxg3 Ke7 33. Rxf4 gxf4 34. Qg7+ Kd6 35. Rd1+ Nd4 36. Qxd4+ Qxd4 37. Rxd4+ Kc7 38. Rxd8 Kxd8 39. Bxe6 f3 40. Bh3 1-0

[Event "EU-ch U10 26th"]
[Site "Prague"]
[Date "2016.08.18"]
[Round "1"]
[White "Murzin, Volodar"]
[Black "Kabadayi, Suleyman Arda"]
[Result "1-0"]
[WhiteElo "2080"]
[BlackElo "1487"]
[PlyCount "91"]
[EventDate "2016.08.18"]
[EventType "swiss"]
[EventRounds "9"]
[EventCountry "CZE"]
[SourceTitle "CBM 174 Extra"]
[Source "ChessBase"]
[SourceDate "2016.10.10"]
[SourceVersion "1"]
[SourceVersionDate "2016.10.10"]
[SourceQuality "1"]

1. Nf3 c5 2. g3 d5 3. Bg2 Nf6 4. 0-0 e6 5. c4 d4 6. d3 Nc6 7. e3 e5 8. exd4 exd4 9. Re1+ Be7 10. Bg5 0-0 11. Nbd2 h6 12. Bxf6 Bxf6 13. a3 a5 14. h3 Bf5 15. Ne4 Be7 16. Nfd2 a4 17. Nf1 Qb6 18. Rb1 Bxe4 19. Bxe4 Bd6 20. b3 axb3 21. Rxb3 Qc7 22. Qf3 Ra7 23. Reb1 Na5 24. Rb5 Rb8 25. Nd2 Be7 26. Bd5 Bf8 27. Rb6 Ra6 28. Rxa6 bxa6 29. Qxf7+ Qxf7 30. Bxf7+ Kxf7 31. Rxb8 Bd6 32. Rb6 Bc7 33. Rxa6 Kg8 34. Ne4 Nb3 35. Rc6 Ba5 36. Nxc5 Nxc5 37. Rxc5 Bc3 38. a4 Bb4 39. Rd5 Bc3 40. a5 Bb4 41. a6 Kh7 42. a7 Be7 43. a8Q Bf6 44. Rd7 Kg6 45. Qe4+ Kh5 46. Qg4# 1-0